| 000 | 00461cam a2200181ua 4500 | ||
|---|---|---|---|
| 020 | _cRs 5.00 | ||
| 041 |
_aeng _h |
||
| 082 |
_a551.566 _bWOO/BA |
||
| 100 | _aWoodbury, David O . | ||
| 245 |
_aBahirakashathilekku / _cDavid O Woodbury. _hTextual Documents |
||
| 260 |
_aKollam : _bSri Ramavilasam Press & Book Depot , _c1965. |
||
| 300 | _a296 ; . | ||
| 365 | _aRs 5.00 | ||
| 504 | _a | ||
| 942 | _cBK | ||
| 999 |
_c393 _d393 |
||